[Event "Norway Chess op-A"]
[Site "Stavanger"]
[Date "2025.05.27"]
[Round "2"]
[White "Ter Avetisjana, Agnesa Stepania"]
[Black "Pintor, Simao Maciel Abranc"]
[Result "1-0"]
[WhiteElo "2185"]
[BlackElo "2021"]
[PlyCount "89"]
[EventDate "2025.05.27"]
[EventType "swiss"]
[EventRounds "9"]
[EventCountry "NOR"]
[SourceTitle "CB23_2025"]
[SourceDate "2025.06.04"]
[SourceVersion "1"]
[SourceVersionDate "2025.06.04"]
[SourceQuality "1"]

1. e4 c5 2. Nf3 Nc6 3. Bb5 g6 4. Bxc6 dxc6 5. d3 Qc7 6. 0-0 e5 7. Be3 Nf6 8. h3 h6 9. Nbd2 g5 10. Nh2 Be6 11. a4 a5 12. Qf3 Nd7 13. Rfd1 Be7 14. Ndf1 h5 15. Ng3 0-0-0 16. Nf5 Bf6 17. g3 Rdg8 18. Kg2 Qd8 19. Rh1 g4 20. hxg4 h4 21. Nf1 Rg6 22. gxh4 Bxh4 23. N1g3 Kc7 24. Rh3 Bxg3 25. Rxh8 Qxh8 26. fxg3 Nf6 27. Rh1 Qf8 28. Nh4 Bxg4 29. Qf2 Rh6 30. Bxh6 Qxh6 31. Rf1 Nd7 32. Qxf7 Qd2+ 33. Qf2 Qb4 34. b3 c4 35. dxc4 Nc5 36. Qe3 Ne6 37. Rf7+ Kb8 38. Nf5 Bd1 39. Qd3 Qe1 40. Ne3 Bh5 41. Rf1 Qe2+ 42. Qxe2 Bxe2 43. Rf5 Nd4 44. Rxe5 Kc7 45. Kf2 1-0

[Event "Seville op 50th"]
[Site "Seville"]
[Date "2025.01.11"]
[Round "2"]
[White "Pintor, Simao Maciel Abranc"]
[Black "Xu, Xiangyu"]
[Result "0-1"]
[WhiteElo "2050"]
[BlackElo "2611"]
[PlyCount "50"]
[EventDate "2025.01.10"]
[EventType "swiss"]
[EventRounds "9"]
[EventCountry "ESP"]
[SourceTitle "CB04_2025"]
[SourceDate "2025.01.22"]
[SourceVersion "1"]
[SourceVersionDate "2025.01.22"]
[SourceQuality "1"]

1. e4 c5 2. Nf3 Nc6 3. d4 cxd4 4. Nxd4 Nf6 5. Nc3 d6 6. Bg5 Bd7 7. Qd2 a6 8. f3 e6 9. 0-0-0 Be7 10. Nxc6 Bxc6 11. h4 Rc8 12. Kb1 b5 13. Ne2 Bb7 14. Nd4 h6 15. Be3 Nd7 16. g4 d5 17. exd5 Bxd5 18. Nf5 0-0 19. Be2 Ne5 20. Bxh6 exf5 21. Qxd5 Qc7 22. Bf4 Qxc2+ 23. Ka1 Rfd8 24. Qxe5 Rxd1+ 25. Rxd1 Bf6 0-1

[Event "Maia op"]
[Site "Maia"]
[Date "2024.08.23"]
[Round "1"]
[White "Pintor, Simao Maciel Abranc"]
[Black "Veiga, Jose Francisco RP"]
[Result "1-0"]
[WhiteElo "2061"]
[BlackElo "2385"]
[PlyCount "105"]
[EventDate "2024.08.23"]
[EventType "swiss"]
[EventRounds "9"]
[EventCountry "POR"]
[SourceTitle "CBM 221 Extra"]
[Source "ChessBase"]
[SourceDate "2024.09.30"]
[SourceVersion "1"]
[SourceVersionDate "2024.09.30"]
[SourceQuality "1"]

1. e4 e5 2. Nf3 Nc6 3. Bc4 Bc5 4. d3 Nf6 5. Nc3 d6 6. Na4 Bb6 7. a3 0-0 8. 0-0 Ne7 9. b4 Be6 10. Bxe6 fxe6 11. c4 Nd7 12. c5 dxc5 13. Ng5 Rf6 14. Qb3 c4 15. Qxc4 Nf8 16. Nxb6 cxb6 17. Nf3 Rc8 18. Qb3 Rxf3 19. gxf3 Neg6 20. f4 exf4 21. Kh1 Qh4 22. d4 Qg4 23. f3 Qh3 24. Rf2 Nd7 25. Bd2 Nf6 26. Qa2 Nh5 27. Rc1 Rxc1+ 28. Bxc1 Nh4 29. Qc4 Nxf3 30. Bxf4 Nxf4 31. Qc8+ Kf7 32. Qc7+ Kg6 33. Qxf4 Ng5 34. Rg2 h6 35. Rg3 Qh5 36. h4 Kh7 37. Qg4 Qxg4 38. Rxg4 Nf7 39. d5 e5 40. Rg1 Nd6 41. Kg2 Kg8 42. Kf3 b5 43. Rg6 Nc4 44. d6 Nb6 45. Re6 Kf8 46. Kg4 a6 47. Kf5 g5 48. h5 g4 49. Rxh6 g3 50. Rg6 Nc4 51. d7 Ke7 52. Rg7+ Kd8 53. Ke6 1-0

[Event "Queima das Fitas op"]
[Site "Coimbra"]
[Date "2024.04.28"]
[Round "6"]
[White "Vasconcelos, Paulo"]
[Black "Pintor, Simao Maciel Abranc"]
[Result "1/2-1/2"]
[WhiteElo "2093"]
[BlackElo "2039"]
[PlyCount "79"]
[EventDate "2024.04.25"]
[EventType "swiss"]
[EventRounds "7"]
[EventCountry "POR"]
[SourceTitle "CBM 219 Extra"]
[Source "ChessBase"]
[SourceDate "2024.05.31"]
[SourceVersion "1"]
[SourceVersionDate "2024.05.31"]
[SourceQuality "1"]

1. e4 c5 2. Nf3 Nc6 3. d4 cxd4 4. Nxd4 g6 5. c4 Bg7 6. Be3 Qb6 7. Nb5 Qa5+ 8. Bd2 Qd8 9. N1c3 a6 10. Na3 d6 11. Rc1 Nf6 12. Bd3 0-0 13. h3 Be6 14. 0-0 Rc8 15. b3 Nd7 16. Nc2 Nc5 17. Ne1 Nd4 18. Bb1 Bd7 19. Be3 e5 20. Nc2 Nce6 21. Nb4 Bf6 22. Nbd5 Bg5 23. f4 Bh6 24. f5 Bxe3+ 25. Nxe3 Nf4 26. Ned5 Nxd5 27. Nxd5 f6 28. Qd2 Kg7 29. Rcd1 b5 30. Ne3 bxc4 31. Nxc4 Bb5 32. Bd3 Bxc4 33. Bxc4 d5 34. Bd3 Qb6 35. Kh1 dxe4 36. Bxe4 gxf5 37. Bxf5 Nxf5 38. Qd7+ Ne7 39. Qxe7+ Rf7 40. Qd6 1/2-1/2

[Event "Figueira da Foz op 17th"]
[Site "Figueira da Foz"]
[Date "2023.11.05"]
[Round "1"]
[White "Albornoz Cabrera, Carlos Daniel"]
[Black "Pintor, Simao Maciel Abranc"]
[Result "1-0"]
[WhiteElo "2585"]
[BlackElo "2036"]
[PlyCount "59"]
[EventDate "2023.11.05"]
[EventType "swiss"]
[EventRounds "9"]
[EventCountry "POR"]
[SourceTitle "CBM 217 Extra"]
[Source "ChessBase"]
[SourceDate "2024.01.31"]
[SourceVersion "1"]
[SourceVersionDate "2024.01.31"]
[SourceQuality "1"]

1. e4 c5 2. Nf3 Nc6 3. Bb5 Nf6 4. Nc3 g6 5. e5 Ng4 6. Bxc6 dxc6 7. 0-0 Bg7 8. Re1 0-0 9. d3 b6 10. Bf4 Nh6 11. Ne4 Nf5 12. c3 Ba6 13. d4 cxd4 14. cxd4 Bc4 15. g4 Nh6 16. Qc1 Bd5 17. Bxh6 Bxe4 18. Rxe4 Qd5 19. Bxg7 Qxe4 20. Bxf8 Qxg4+ 21. Kf1 Qxf3 22. Bxe7 c5 23. Bf6 Qh3+ 24. Ke1 cxd4 25. Qf4 d3 26. Rc1 Re8 27. Kd2 h6 28. Rc3 Qf1 29. Rxd3 Rc8 30. Rd8+ 1-0

[Event "Leca da Palmeira op 1st"]
[Site "Leca da Palmeira"]
[Date "2022.08.01"]
[Round "3"]
[White "Pintor, Simao Maciel Abranc"]
[Black "Umetsubo, Cesar Hidemitsu"]
[Result "1-0"]
[WhiteElo "2062"]
[BlackElo "2405"]
[PlyCount "65"]
[EventDate "2022.07.31"]
[EventType "swiss"]
[EventRounds "9"]
[EventCountry "POR"]
[SourceTitle "CBM 209 Extra"]
[Source "ChessBase"]
[SourceDate "2022.09.30"]
[SourceVersion "1"]
[SourceVersionDate "2022.09.30"]
[SourceQuality "1"]

1. e4 c5 2. Nf3 d6 3. d4 cxd4 4. Nxd4 Nf6 5. Nc3 Nc6 6. Bg5 e6 7. Qd3 Bd7 8. Ndb5 Nb4 9. Qd2 a6 10. Nd4 Rc8 11. a3 Nc6 12. 0-0-0 b5 13. Bxb5 axb5 14. Ndxb5 Ne5 15. Nxd6+ Bxd6 16. Qxd6 Nc4 17. Bxf6 gxf6 18. Qd4 Rg8 19. Rd3 Ne5 20. Rg3 Rg6 21. f4 Nc6 22. Qd3 Qc7 23. e5 Kf8 24. Nb5 Nxe5 25. Qxg6 Bxb5 26. Qh6+ Ke7 27. Rc3 Nc4 28. f5 e5 29. Rd1 Qb7 30. b3 Nxa3 31. Rxc8 Qxc8 32. Qd2 Qc3 33. Qd8# 1-0

[Event "Leca da Palmeira op 1st"]
[Site "Leca da Palmeira"]
[Date "2022.07.31"]
[Round "2"]
[White "Martinez Duany, Lelys Stanley"]
[Black "Pintor, Simao Maciel Abranc"]
[Result "1/2-1/2"]
[WhiteElo "2497"]
[BlackElo "2062"]
[PlyCount "60"]
[EventDate "2022.07.31"]
[EventType "swiss"]
[EventRounds "9"]
[EventCountry "POR"]
[SourceTitle "CBM 209 Extra"]
[Source "ChessBase"]
[SourceDate "2022.09.30"]
[SourceVersion "1"]
[SourceVersionDate "2022.09.30"]
[SourceQuality "1"]

1. e4 c5 2. Nf3 g6 3. c3 d5 4. exd5 Qxd5 5. d4 Bg7 6. Be2 cxd4 7. 0-0 Nc6 8. cxd4 Nxd4 9. Nxd4 Qxd4 10. Qb3 Nf6 11. Rd1 Qb6 12. Qxb6 axb6 13. Nc3 0-0 14. Be3 Bf5 15. Bxb6 Ne4 16. Nd5 Bxb2 17. Nxe7+ Kh8 18. Rab1 Bf6 19. Nxf5 gxf5 20. Rd7 Nc3 21. Re1 Rfe8 22. Kf1 Rxe2 23. Rxe2 Nxe2 24. Kxe2 Rxa2+ 25. Kf3 Kg7 26. Rxb7 Rb2 27. Rb8 Be5 28. Bc7 Bd4 29. Rxb2 Bxb2 30. Kf4 Kg6 1/2-1/2

[Event "Pontevedra op-A 10th"]
[Site "Pontevedra"]
[Date "2022.07.26"]
[Round "4"]
[White "Antonano Fedz Quincoces, Avelino"]
[Black "Pintor, Simao Maciel Abranc"]
[Result "1/2-1/2"]
[WhiteElo "1981"]
[BlackElo "2062"]
[PlyCount "145"]
[EventDate "2022.07.24"]
[EventType "swiss"]
[EventRounds "9"]
[EventCountry "ESP"]
[SourceTitle "EXT 2023"]
[Source "ChessBase"]
[SourceDate "2022.10.05"]
[SourceVersion "1"]
[SourceVersionDate "2022.10.05"]
[SourceQuality "1"]

1. e4 c5 2. Nf3 g6 3. d4 cxd4 4. Nxd4 Nc6 5. c4 Bg7 6. Be3 Nf6 7. Nc3 0-0 8. Be2 d6 9. h3 Nxd4 10. Bxd4 Bd7 11. 0-0 a5 12. b3 Bc6 13. Qc2 Nd7 14. Bxg7 Kxg7 15. Rad1 Qb6 16. Nd5 Bxd5 17. Rxd5 Nc5 18. e5 dxe5 19. Rxe5 e6 20. Bf3 Rfd8 21. Rd1 a4 22. bxa4 Rxd1+ 23. Qxd1 Rd8 24. Qc2 Qb4 25. Re2 Kg8 26. g3 Rd3 27. Kg2 Qa3 28. Be4 Rd4 29. Re3 Qb4 30. a3 Qxc4 31. Rc3 Qxa4 32. Rxc5 Rxe4 33. Rc8+ Kg7 34. Qb2+ Qd4 35. Qxb7 Re5 36. Rc2 g5 37. Qb2 Qd5+ 38. Kh2 Qb5 39. Qxb5 Rxb5 40. a4 Ra5 41. Rc4 Kf6 42. h4 h6 43. hxg5+ hxg5 44. g4 Rd5 45. Kg3 Rd3+ 46. f3 Ra3 47. Rb4 Kg6 48. Re4 Ra2 49. Kh3 Kf6 50. Kg3 Ke7 51. Rb4 Ra3 52. Rb7+ Kf6 53. Rb4 Kg7 54. Re4 Kg6 55. Kg2 Kf6 56. Rb4 Ke5 57. Rb5+ Kf4 58. Rb4+ Ke3 59. Re4+ Kd3 60. Re5 Rxa4 61. Rxg5 Ke3 62. Kg3 f6 63. Rb5 Ra6 64. g5 fxg5 65. Rxg5 Kd4 66. f4 Ra3+ 67. Kg4 Re3 68. Ra5 Re1 69. Ra4+ Kd3 70. Kg5 Re4 71. Rxe4 Kxe4 72. Kf6 Kxf4 73. Kxe6 1/2-1/2

[Event "Pontevedra op-A 10th"]
[Site "Pontevedra"]
[Date "2022.07.24"]
[Round "1"]
[White "Pintor, Simao Maciel Abranc"]
[Black "Manolache, Marius"]
[Result "0-1"]
[WhiteElo "2062"]
[BlackElo "2469"]
[PlyCount "42"]
[EventDate "2022.07.24"]
[EventType "swiss"]
[EventRounds "9"]
[EventCountry "ESP"]
[SourceTitle "CBM 209 Extra"]
[Source "ChessBase"]
[SourceDate "2022.09.30"]
[SourceVersion "1"]
[SourceVersionDate "2022.09.30"]
[SourceQuality "1"]

1. e4 d6 2. d4 Nf6 3. Nc3 g6 4. Bg5 Nc6 5. Nf3 Bg7 6. d5 Nb8 7. Qd2 c6 8. Bh6 Bxh6 9. Qxh6 Qb6 10. 0-0-0 Bg4 11. e5 dxe5 12. d6 Nbd7 13. dxe7 Qb4 14. Rxd7 Nxd7 15. Qh4 Qf4+ 16. Nd2 Be6 17. Qxf4 exf4 18. Bc4 Kxe7 19. Re1 Rae8 20. Nce4 h6 21. Nf3 Bxc4 0-1

[Event "POR-chT"]
[Site "Ovar"]
[Date "2022.07.22"]
[Round "9.4"]
[White "Fidalgo, Andre Neves"]
[Black "Pintor, Simao Maciel Abranc"]
[Result "1-0"]
[WhiteElo "2261"]
[BlackElo "2062"]
[PlyCount "65"]
[EventDate "2022.07.16"]
[EventType "team-tourn"]
[EventRounds "9"]
[EventCountry "POR"]
[SourceTitle "CBM 209 Extra"]
[Source "ChessBase"]
[SourceDate "2022.09.30"]
[SourceVersion "1"]
[SourceVersionDate "2022.09.30"]
[SourceQuality "1"]
[WhiteTeam "Estrelas S Joao de Brito"]
[BlackTeam "Porto Colegio Efanor"]
[WhiteTeamCountry "POR"]
[BlackTeamCountry "POR"]

1. e4 c5 2. Nf3 g6 3. d4 cxd4 4. Nxd4 Nc6 5. c4 Bg7 6. Be3 Nf6 7. Nc3 0-0 8. Be2 d6 9. 0-0 Nxd4 10. Bxd4 Bd7 11. Qd3 a5 12. b3 Bc6 13. a3 Nd7 14. Bxg7 Kxg7 15. b4 axb4 16. axb4 Kg8 17. Qe3 b6 18. f4 e6 19. Rad1 Qe7 20. Qd4 Ra3 21. Rf3 Rc8 22. Nd5 exd5 23. Rxa3 dxe4 24. Qxd6 Qxd6 25. Rxd6 Nf8 26. Ra7 Ne6 27. Bg4 f5 28. Rxe6 fxg4 29. b5 Ba8 30. Rxb6 Rd8 31. Rba6 Rd1+ 32. Kf2 e3+ 33. Ke2 1-0

[Event "POR-chT"]
[Site "Ovar"]
[Date "2022.07.20"]
[Round "7.5"]
[White "Margarido, Jose Miguel Teixeir"]
[Black "Pintor, Simao Maciel Abranc"]
[Result "0-1"]
[WhiteElo "2150"]
[BlackElo "2062"]
[PlyCount "60"]
[EventDate "2022.07.16"]
[EventType "team-tourn"]
[EventRounds "9"]
[EventCountry "POR"]
[SourceTitle "CBM 209 Extra"]
[Source "ChessBase"]
[SourceDate "2022.09.30"]
[SourceVersion "1"]
[SourceVersionDate "2022.09.30"]
[SourceQuality "1"]
[WhiteTeam "EPGaia"]
[BlackTeam "Porto Colegio Efanor"]
[WhiteTeamCountry "POR"]
[BlackTeamCountry "POR"]

1. e4 c5 2. Nf3 g6 3. d4 cxd4 4. Nxd4 Nc6 5. c4 Bg7 6. Be3 Nf6 7. Nc3 0-0 8. Be2 d6 9. f3 Nxd4 10. Bxd4 Bd7 11. Qd2 a5 12. h4 Nh5 13. Bxg7 Kxg7 14. 0-0-0 f6 15. g4 Ng3 16. Rh2 Nxe2+ 17. Qxe2 Rc8 18. a4 Qb6 19. Kc2 Qb4 20. b3 b5 21. Nxb5 Bxb5 22. axb5 a4 23. Rd3 axb3+ 24. Rxb3 Rxc4+ 25. Kb2 Qc5 26. Rh1 Rc8 27. Rh2 Qd4+ 28. Ka2 Ra8+ 29. Ra3 Rxa3+ 30. Kxa3 Qc3+ 0-1

[Event "POR-chT"]
[Site "Ovar"]
[Date "2022.07.19"]
[Round "6.1"]
[White "Pintor, Simao Maciel Abranc"]
[Black "Loeffler, Stefan"]
[Result "0-1"]
[WhiteElo "2062"]
[BlackElo "2349"]
[PlyCount "48"]
[EventDate "2022.07.16"]
[EventType "team-tourn"]
[EventRounds "9"]
[EventCountry "POR"]
[SourceTitle "CBM 209 Extra"]
[Source "ChessBase"]
[SourceDate "2022.09.30"]
[SourceVersion "1"]
[SourceVersionDate "2022.09.30"]
[SourceQuality "1"]
[WhiteTeam "Porto Colegio Efanor"]
[BlackTeam "Montemor o Velho"]
[WhiteTeamCountry "POR"]
[BlackTeamCountry "POR"]

1. e4 d5 2. exd5 Nf6 3. Nf3 Nxd5 4. d4 Bg4 5. h3 Bh5 6. g4 Bg6 7. Ne5 c6 8. Bg2 Nd7 9. c4 Nxe5 10. dxe5 Nb4 11. Qxd8+ Rxd8 12. Na3 Nd3+ 13. Ke2 Nxe5 14. Be3 Bd3+ 15. Ke1 e6 16. c5 Ba6 17. Be4 f5 18. f4 fxe4 19. fxe5 Be7 20. Kf2 0-0+ 21. Kg2 Rf3 22. Rhe1 Bh4 23. Nc2 Bd3 24. Nd4 Bxe1 0-1

[Event "POR-chT"]
[Site "Ovar"]
[Date "2022.07.19"]
[Round "5.5"]
[White "Pintor, Simao Maciel Abranc"]
[Black "Santos, Luis M"]
[Result "1/2-1/2"]
[WhiteElo "2062"]
[BlackElo "2261"]
[PlyCount "47"]
[EventDate "2022.07.16"]
[EventType "team-tourn"]
[EventRounds "9"]
[EventCountry "POR"]
[SourceTitle "CBM 209 Extra"]
[Source "ChessBase"]
[SourceDate "2022.09.30"]
[SourceVersion "1"]
[SourceVersionDate "2022.09.30"]
[SourceQuality "1"]
[WhiteTeam "Porto Colegio Efanor"]
[BlackTeam "Sao Miguel"]
[WhiteTeamCountry "POR"]
[BlackTeamCountry "POR"]

1. e4 c5 2. Nf3 Nc6 3. d4 cxd4 4. Nxd4 Nf6 5. Nc3 d6 6. Bg5 e6 7. Qd3 Be7 8. 0-0-0 0-0 9. f4 Nxd4 10. Qxd4 Qa5 11. e5 dxe5 12. fxe5 Rd8 13. Qf4 Rxd1+ 14. Kxd1 Nd5 15. Nxd5 Qxd5+ 16. Bd3 Bxg5 17. Qxg5 Bd7 18. Rf1 Rf8 19. Qh4 Ra8 20. Qg5 f5 21. Qf4 Bb5 22. Rf3 Rd8 23. Qh4 Rd7 24. Qh5 1/2-1/2

[Event "Maia op 5th"]
[Site "Maia"]
[Date "2021.09.03"]
[Round "5"]
[White "Sarabando, Rodrigo Andias"]
[Black "Pintor, Simao Maciel Abranc"]
[Result "1/2-1/2"]
[WhiteElo "1753"]
[BlackElo "2151"]
[PlyCount "98"]
[EventDate "2021.08.30"]
[EventType "swiss"]
[EventRounds "7"]
[EventCountry "POR"]
[SourceTitle "CBM 204 Extra"]
[Source "ChessBase"]
[SourceDate "2021.11.30"]
[SourceVersion "1"]
[SourceVersionDate "2021.11.30"]
[SourceQuality "1"]

1. d4 d5 2. c4 e6 3. Nf3 c5 4. cxd5 exd5 5. g3 Nc6 6. Bg2 Nf6 7. 0-0 Be7 8. dxc5 Bxc5 9. a3 0-0 10. b4 Bb6 11. Nc3 Re8 12. Bb2 Bf5 13. Na4 Qe7 14. Nxb6 axb6 15. e3 Rad8 16. Qb3 Be4 17. Rfd1 Ng4 18. h3 Nge5 19. Nxe5 Nxe5 20. Bxe5 Qxe5 21. Bxe4 dxe4 22. Rxd8 Rxd8 23. Rd1 Re8 24. Rd7 Qf6 25. Qd1 h6 26. Qd4 Qf5 27. Rd8 Rxd8 28. Qxd8+ Kh7 29. Qd4 h5 30. h4 b5 31. Qd6 f6 32. Qe7 Qd5 33. Kg2 b6 34. Qe8 Qf5 35. Kg1 Qe5 36. Qf7 Kh6 37. Kg2 Qf5 38. Kg1 Qc8 39. Qd5 Qe8 40. Qf5 Qe5 41. Qd7 Kg6 42. Kg2 Qf5 43. Qe8+ Kh7 44. Kg1 Qe5 45. Qf7 Qa1+ 46. Kg2 Qd1 47. Qe8 Qf3+ 48. Kg1 Qd1+ 49. Kg2 Qf3+ 1/2-1/2

[Event "Famalicao op 8th"]
[Site "Vila Nova de Famalicao"]
[Date "2021.07.29"]
[Round "7"]
[White "Pintor, Simao Maciel Abranc"]
[Black "Larkin, Vladislav"]
[Result "0-1"]
[WhiteElo "2141"]
[BlackElo "2384"]
[PlyCount "68"]
[EventDate "2021.07.26"]
[EventType "swiss"]
[EventRounds "9"]
[EventCountry "POR"]
[SourceTitle "CBM 203 Extra"]
[Source "ChessBase"]
[SourceDate "2021.09.30"]
[SourceVersion "1"]
[SourceVersionDate "2021.09.30"]
[SourceQuality "1"]

1. Nf3 d5 2. g3 Nf6 3. b3 Bf5 4. Bg2 e6 5. Bb2 h6 6. 0-0 Nbd7 7. d3 Bh7 8. Nbd2 Bc5 9. c4 0-0 10. Bc3 a5 11. a3 Qe7 12. Qc1 Rfe8 13. d4 Bb6 14. c5 Ba7 15. b4 c6 16. Nb3 a4 17. Na5 Nb8 18. Ne5 Ne4 19. Be1 f6 20. Nd3 b6 21. cxb6 Bxb6 22. Bxe4 Bxe4 23. Nc5 Bf5 24. Bc3 e5 25. Nxa4 Bxa5 26. bxa5 exd4 27. Bb4 Qxe2 28. Qf4 Qh5 29. Nb6 Re4 30. Qc7 Qf3 31. Bf8 Kxf8 32. Qd8+ Kf7 33. Nc8 Bh3 34. Nd6+ Kg6 0-1

[Event "Famalicao op 8th"]
[Site "Vila Nova de Famalicao"]
[Date "2021.07.28"]
[Round "6"]
[White "Silva, Mariana Sofia Teixe"]
[Black "Pintor, Simao Maciel Abranc"]
[Result "0-1"]
[WhiteElo "1871"]
[BlackElo "2141"]
[PlyCount "62"]
[EventDate "2021.07.26"]
[EventType "swiss"]
[EventRounds "9"]
[EventCountry "POR"]
[SourceTitle "CBM 203 Extra"]
[Source "ChessBase"]
[SourceDate "2021.09.30"]
[SourceVersion "1"]
[SourceVersionDate "2021.09.30"]
[SourceQuality "1"]

1. Nf3 d5 2. g3 c5 3. c4 e6 4. Bg2 Nc6 5. cxd5 exd5 6. 0-0 Nf6 7. b3 Be7 8. Bb2 0-0 9. d4 Ne4 10. e3 Bf6 11. Nbd2 Re8 12. Qc1 Nb4 13. Ne1 cxd4 14. Bxd4 Bxd4 15. exd4 Bf5 16. a3 Rc8 17. Qb2 Nc6 18. Nef3 Qb6 19. b4 Bg4 20. Nb3 a5 21. Ne5 Nxe5 22. dxe5 axb4 23. axb4 Rc4 24. b5 Rec8 25. Rac1 Nc3 26. Kh1 Qxb5 27. f3 Be6 28. f4 d4 29. f5 Bd5 30. Qa3 Ra4 31. Nxd4 Bxg2+ 0-1

[Event "Sanxenxo Carlos op 12th"]
[Site "Sanxenxo"]
[Date "2021.06.28"]
[Round "3"]
[White "Alonso Garcia, Aaron"]
[Black "Pintor, Simao Maciel Abranc"]
[Result "1-0"]
[WhiteElo "2363"]
[BlackElo "2129"]
[PlyCount "55"]
[EventDate "2021.06.26"]
[EventType "swiss"]
[EventRounds "9"]
[EventCountry "ESP"]
[SourceTitle "CBM 203 Extra"]
[Source "ChessBase"]
[SourceDate "2021.09.30"]
[SourceVersion "1"]
[SourceVersionDate "2021.09.30"]
[SourceQuality "1"]

1. e4 c5 2. Nf3 g6 3. d4 cxd4 4. Nxd4 Nc6 5. Nc3 Bg7 6. Be3 Nf6 7. Bc4 0-0 8. Bb3 Re8 9. f3 e6 10. f4 Ng4 11. Qxg4 Nxd4 12. 0-0-0 Nxb3+ 13. axb3 d5 14. e5 Bd7 15. h4 a5 16. h5 a4 17. hxg6 hxg6 18. Bc5 Ra5 19. b4 Rxc5 20. bxc5 Qc7 21. Rh3 a3 22. bxa3 Ra8 23. Qh4 Qxc5 24. Rdh1 Kf8 25. Qf6 Qxa3+ 26. Kd2 Bxf6 27. exf6 Qxc3+ 28. Kxc3 1-0

[Event "Figueira da Foz op 14th"]
[Site "Figueira da Foz"]
[Date "2020.10.25"]
[Round "3"]
[White "Santos, Jose Guilherme B Li"]
[Black "Pintor, Simao Maciel Abranc"]
[Result "1-0"]
[WhiteElo "2229"]
[BlackElo "2115"]
[PlyCount "59"]
[EventDate "2020.10.24"]
[EventType "swiss"]
[EventRounds "9"]
[EventCountry "POR"]
[SourceTitle "CBM 199 Extra"]
[Source "ChessBase"]
[SourceDate "2021.01.31"]
[SourceVersion "1"]
[SourceVersionDate "2021.01.31"]
[SourceQuality "1"]

1. c4 e6 2. Nf3 d5 3. d4 c5 4. e3 Nc6 5. Nc3 a6 6. cxd5 exd5 7. Be2 Nf6 8. 0-0 Bd6 9. b3 0-0 10. Bb2 Bf5 11. Rc1 cxd4 12. Nxd4 Bd7 13. Bf3 Qe7 14. g3 Nxd4 15. Qxd4 Bc6 16. Nxd5 Bxd5 17. Bxd5 Rad8 18. e4 Rfe8 19. Rfe1 Bb4 20. Red1 Ba3 21. Bxa3 Qxa3 22. Rc7 Nxd5 23. exd5 Rd6 24. Rd2 h6 25. Kg2 Qa5 26. Rxb7 Red8 27. Qe3 Rxd5 28. b4 Qa4 29. Rxd5 Rxd5 30. Rb8+ 1-0